Statistics for Ole Miss Basketball: Top 10 All-Time Leaders

Click here to take the quiz!

General Stats

  • This quiz has been taken 3 times
    (1 since last reset)
  • The average score is 11 of 90

Answer Stats

Category#PlayerAmount% Correct
Three Pointers Made8Devontae Shuler178
100%
Steals3Devontae Shuler185
100%
Points8Keith Carter1,682
100%
Three Pointers Made4Keith Carter249
100%
Steals9Keith Carter153
100%
Points Per Game5Marshall Henderson19.6
100%
Three Pointers Made3Marshall Henderson267
100%
Games8Sebastian Saiz129
100%
Rebounds2Sebastian Saiz1,008
100%
Blocks5Sebastian Saiz127
100%
Three Pointers Made9Terence Davis176
100%
Three Pointers Made2Aaron Harper278
0%
Blocks3Aaron Jones139
0%
Blocks9Ansu Sesay99
0%
Assists9Bob Mahoney362
0%
Three Pointers Made6Breein Tyree207
0%
Games7Breein Tyree130
0%
Points6Breein Tyree1,797
0%
Assists10Breein Tyree325
0%
Field Goal Percent2Carlos Clark54.7%
0%
Points4Carlos Clark1,822
0%
Points3Chris Warren2,021
0%
Points Per Game10Chris Warren17.6
0%
Three Pointers Made1Chris Warren334
0%
Assists4Chris Warren452
0%
Points Per Game7Cob Jarvis19.3
0%
Blocks8David Dean108
0%
Points Per Game2Don Kessinger22.2
0%
Field Goal Percent1Dwayne Curtis58.4%
0%
Rebounds9Dwayne Curtis774
0%
Points5Elston Turner1,805
0%
Rebounds5Elston Turner828
0%
Steals10Elston Turner150
0%
Field Goal Percent7Elston Turner50.4%
0%
GamesT9Emmanuel Wade128
0%
Steals4Eric Laird179
0%
Field Goal Percent3Fred Cox54.7%
0%
Field Goal Percent6Gerald Glass51.1%
0%
Steals6Gerald Glass159
0%
Points Per Game1Gerald Glass26.1
0%
Assists7Henry Jackson378
0%
Points Per Game6Jack Waters19.5
0%
Games2Jarvis Summers134
0%
Points9Jarvis Summers1,629
0%
Assists2Jarvis Summers530
0%
GamesT9Jason Flanigan128
0%
Three Pointers Made10Jason Harrison163
0%
Steals5Jason Harrison172
0%
Assists6Jason Harrison427
0%
GamesT3Jason Harrison132
0%
Field Goal Percent8Jason Smith50.1%
0%
Steals1Jason Smith211
0%
Steals7Joe Ayers157
0%
Points Per Game8Joe Gibbon18.6
0%
Rebounds7Joe Gibbon817
0%
Points10Joe Gibbon1,577
0%
Points2Joe Harvell2,078
0%
Field Goal Percent10Joe Harvell47.6%
0%
Three Pointers Made5Joe Harvell214
0%
Points Per Game9Joe Harvell18.2
0%
Blocks6Johnnie Rogers114
0%
Points1John Stroud2,328
0%
Rebounds6John Stroud826
0%
Points Per Game3John Stroud21.2
0%
Field Goal Percent5John Stroud52.7%
0%
Points7Justin Reed1,787
0%
Rebounds10Justin Reed766
0%
Field Goal Percent9Justin Reed47.6%
0%
Blocks10Marcanvis Hymon97
0%
Assists8Michael White370
0%
Field Goal Percent4Murphy Holloway54.4%
0%
Rebounds1Murphy Holloway1,093
0%
GamesT3Murphy Holloway132
0%
Steals2Murphy Holloway194
0%
Rebounds8Rahim Lockhart780
0%
Blocks4Rahim Lockhart132
0%
Blocks1Reginald Buckner326
0%
GamesT3Reginald Buckner132
0%
Rebounds4Reginald Buckner880
0%
Steals8Rod Barnes154
0%
Assists3Rod Barnes456
0%
Blocks2Sean Murphy178
0%
Assists1Sean Tuohy830
0%
Three Pointers Made7Stefan Moody181
0%
Points Per Game4Stefan Moody19.9
0%
GamesT3Terrance Henry132
0%
Blocks7Terrance Henry113
0%
Assists5Todd Abernathy431
0%
Rebounds3Walt Actwood945
0%
Games1Zach Graham135
0%

Score Distribution

Percentile by Number Answered

Percent of People with Each Score

Your Score History

You have not taken this quiz since the last reset